00523nam a2200157Ia 4500020001800000082002200018100002300040245005900063260004100122300001300163504003600176650004600212650003200258650003500290650004000325 a9788183243308 a305.8009541 BAS-R aBasumatary, Phukan 0aRabha tribe of North-East India, Bengal and Bangladesh aNew DelhibMittal Publicationsc2010 axiv, 115 aincludes bibliography and index aRabha (Indic people)zIndia, Northeastern aTribeszIndia, Northeastern aEthnologyzIndia, Northeastern aRabha languagezIndia, Northeastern